La vinculación del juez a la ley

שמור ב:
מידע ביבליוגרפי
מחבר תאגידי: Universidad Autónoma de Madrid (Author)
פורמט: ספר
שפה:ספרדית
יצא לאור: Madrid Universidad Autónoma de Madrid 1997
סדרה:Anuario de la Facultad de Derecho de la Universidad Autonoma de Madrid, 1
נושאים:
תגים: הוספת תג
אין תגיות, היה/י הראשונ/ה לתייג את הרשומה!

MARC

LEADER 00000nam a2200000 a 4500
001 UCP2905
003 CL-VaPUC
008 990604e19970000SP |||||||||||||||||spa|d
082 0 4 |a 347.014  |b UNI  |2 21 
110 2 |a Universidad Autónoma de Madrid  |e author  |9 547754 
245 1 3 |a La vinculación del juez a la ley 
300 |a 326 p 
942 |c BK 
945 |d 19990604 00:00:00  |a rbrito 
260 |a Madrid  |b Universidad Autónoma de Madrid  |c 1997 
650 0 |a Poder judicial  |9 254871 
650 0 |a Justicia   |9 255408 
650 7 |a JUEZ  |2 CL-VaPUC  |9 394346 
650 7 |a LEY  |2 CL-VaPUC  |9 547755 
650 0 |a Derecho constitucional   |9 222588 
650 7 |a INTERPRETACION CONSTITUCIONAL  |2 CL-VaPUC  |9 424493 
583 |a last modification  |c 20181011 11:22:12  |k Rodrigo Vera 
490 0 |a Anuario de la Facultad de Derecho de la Universidad Autonoma de Madrid, 1 
999 |c 340015  |d 340013 
952 |0 0  |1 0  |4 0  |6 347_014000000000000_UNI_1997  |7 0  |8 A  |9 434320  |a BIBDER  |b BIBDER  |d 2019-11-22  |i 3506657  |o 347.014 UNI 1997  |p 3506657  |r 2023-01-25  |w 2019-11-22  |y BK  |k DER